000 00801nam a2200193Ii 4500
003 JO-AjNU
008 230605s9999||||xx |||||||||||||| ||und||
040 _aJO-AjNU
_bara
_erda
_cJO-AjNU
041 _aara
050 1 4 _aHG5711.A6.A88 2014
100 3 _aمجموعة خبراء,
_eauthor
_951967
245 0 0 _aأسواق المال: دراسات تطبيقية: بحوث علمية محكمة
264 3 1 _aالقاهرة: المنظمة العربية للتنمية الادارية، 2014
300 _a290ص باللغتين العربية والانجليزية
_bيشتمل على جداول
336 _atext
_btxt
_2rdacontent
337 _aunmediated
_bn
_2rdamedia
338 _avolume
_bnc
_2rdacarrier
650 4 _aالاقتصاد- اسواق المال - بحوث محكمة
_951968
999 _aA22992
_c26560
_d26560